[Event "EYCC Open U20 2021"]
[Site "Tornelo"]
[Date "2021.10.15"]
[Round "9.8"]
[White "Kalogridis, Antonios"]
[Black "Pliukha, Myhajlo"]
[Result "1-0"]
[WhiteElo "2275"]
[BlackElo "2217"]
[Annotator "ChessBase"]
[PlyCount "111"]
[EventDate "2021.10.15"]
[EventType "swiss"]
[EventCountry "NET"]
[SourceTitle "playchess.com"]
[Source "ChessBase"]
[SourceQuality "1"]
[TimeControl "5400+30"]

1. d4 {[%emt 0:00:30]} Nf6 {[%emt 0:00:33]} 2. c4 {[%emt 0:00:06]} e6 {[%emt 0:00:04]} 3. Nc3 {[%emt 0:00:02]} Bb4 {[%emt 0:00:03]} 4. e3 {[%emt 0:00:03]} O-O {[%emt 0:00:08]} 5. Bd3 {[%emt 0:00:08]} Re8 {[%emt 0:00:24]} 6. Nge2 {[%emt 0:06:45]} d5 {[%emt 0:00:13]} 7. O-O {[%emt 0:01:42]} b6 {[%emt 0:01:02]} 8. Ng3 {[%emt 0:06:40]} dxc4 {[%emt 0:08:40]} 9. Bxc4 {[%emt 0:00:23]} Bb7 {[%emt 0:00:08]} 10. Qe2 {[%emt 0:00:47]} Nbd7 {[%emt 0:09:19]} 11. Rd1 {[%emt 0:02:59]} Qe7 {[%emt 0:06:06]} 12. e4 {[%emt 0:07:59]} c5 {[%emt 0:04:03]} 13. e5 {[%emt 0:04:17]} Nd5 {[%emt 0:00:09]} 14. Nce4 {[%emt 0:02:07]} cxd4 {[%emt 0:02:31]} 15. a3 {[%emt 0:01:14]} Bc5 {[%emt 0:02:52]} 16. b4 {[%emt 0:03:46]} Nxe5 {[%emt 0:20:44]} 17. bxc5 {[%emt 0:01:40]} bxc5 {[%emt 0:00:47]} 18. Bxd5 {[%emt 0:13:11]} exd5 {[%emt 0:02:08]} 19. Nf5 {[%emt 0:02:21]} Qe6 {[%emt 0:00:09]} 20. Neg3 {[%emt 0:03:20]} Ba6 {[%emt 0:01:37]} 21. Qc2 {[%emt 0:01:19]} Bd3 {[%emt 0:18:24]} 22. Rxd3 {[%emt 0:02:45]} Nxd3 {[%emt 0:00:04]} 23. Qxd3 {[%emt 0:00:12]} Qe1+ {[%emt 0:00:16]} 24. Nf1 {[%emt 0:00:55]} Qc3 {[%emt 0:00:03]} 25. Qxc3 {[%emt 0:00:35]} dxc3 {[%emt 0:00:03]} 26. Bf4 {[%emt 0:06:37]} Re4 {[%emt 0:01:55]} 27. Bd6 {[%emt 0:00:18]} d4 {[%emt 0:01:18]} 28. Bxc5 {[%emt 0:00:18]} d3 {[%emt 0:00:05]} 29. Bb4 {[%emt 0:05:22]} Rc4 {[%emt 0:05:07]} 30. N1e3 {[%emt 0:01:26]} a5 {[%emt 0:05:41]} 31. Nxc4 {[%emt 0:01:27]} axb4 {[%emt 0:00:04]} 32. Ne7+ {[%emt 0:00:04]} Kf8 {[%emt 0:00:14]} 33. Nd5 {[%emt 0:00:05]} b3 {[%emt 0:03:46]} 34. Nxc3 {[%emt 0:01:45]} Rc8 {[%emt 0:00:27]} 35. Nd2 {[%emt 0:03:11]} Rxc3 {[%emt 0:01:43]} 36. Rb1 {[%emt 0:00:06]} Ke7 {[%emt 0:01:33]} 37. Nxb3 {[%emt 0:01:24]} Ke6 {[%emt 0:00:08]} 38. a4 {[%emt 0:02:14]} Kd5 {[%emt 0:00:14]} 39. a5 {[%emt 0:00:17]} Kc4 {[%emt 0:00:30]} 40. Nd2+ {[%emt 0:00:05]} Kd4 {[%emt 0:00:01]} 41. Ra1 {[%emt 0:00:54]} Rc8 {[%emt 0:00:03]} 42. a6 {[%emt 0:01:23]} Ra8 {[%emt 0:00:06]} 43. a7 {[%emt 0:00:16]} Kc3 {[%emt 0:00:02]} 44. Ra2 {[%emt 0:00:06]} f5 {[%emt 0:00:29]} 45. f4 {[%emt 0:00:22]} h6 {[%emt 0:00:16]} 46. h4 {[%emt 0:00:20]} g6 {[%emt 0:00:13]} 47. Kf2 {[%emt 0:00:07]} h5 {[%emt 0:00:05]} 48. g3 {[%emt 0:00:57]} Kd4 {[%emt 0:00:25]} 49. Ra3 {[%emt 0:00:05]} Kc5 {[%emt 0:00:37]} 50. Ke3 {[%emt 0:00:13]} Kb4 {[%emt 0:00:21]} 51. Rb3+ {[%emt 0:00:07]} Kc5 {[%emt 0:00:05]} 52. Rb7 {[%emt 0:00:04]} Kc6 {[%emt 0:00:14]} 53. Rg7 {[%emt 0:00:05]} Rd8 {[%emt 0:00:02]} 54. Rxg6+ {[%emt 0:00:07]} Kc5 {[%emt 0:00:02]} 55. Ra6 {[%emt 0:00:09]} Ra8 {[%emt 0:00:07]} 56. Kxd3 {[%emt 0:00:04]} 1-0

[Event "EYCC Open U20 2021"]
[Site "Tornelo"]
[Date "2021.10.15"]
[Round "9.10"]
[White "Crevatin, Leo"]
[Black "Leisch, Lukas"]
[Result "0-1"]
[WhiteElo "2275"]
[BlackElo "2406"]
[Annotator "TA"]
[PlyCount "262"]
[EventDate "2021.10.15"]
[EventType "swiss"]
[EventCountry "NET"]
[SourceTitle "playchess.com"]
[Source "ChessBase"]
[SourceQuality "1"]

{[%evp 11,261,46,56,25,44,31,32,34,54,44,58,24,30,30,33,25,30,25,31,22,34,12,36,36,37,18,18,14,22,24,52,50,64,-32,-12,-22,-15,-24,-21,-22,21,20,19,31,23,-95,-106,-105,-78,-128,0,0,0,-14,-9,-43,-13,-8,85,66,159,146,153,-85,-75,-320,0,0,0,0,806,801,29985,29986,29988,66,72,75,81,62,72,67,95,-10,-13,-10,-12,-54,0,-6,-5,-8,-10,-10,-10,-12,0,0,0,-10,0,0,0,0,0,0,0,0,0,0,-28000,-28000,-28000,-28000,-28000,-28000,-28000,-28000,-28000,-28000,-28000,-28000,-28000,-28000,-28000,-28000,-28000,-28000,-28000,-28000,-28000,-28000,-28000,-28000,-28000,-28000,-28000,-28000,-28000,-28000,-28000,-28000,-28000,-28000,-28000,-28000,-28000,-28000,-28000,-28000,-28000,-28000,-28000,-28000,-28000,-28000,-28000,-28000,-28000,-28000,-28000,-28000,-28000,-28000,-28000,-28000,-28000,-28000,-28000,-28000,-28000,-28000,-28000,-28000,-28000,-28000,-28000,-28000,-28000,-28000,-28000,-28000,-28000,-28000,-28000,-28000,-28000,-28000,-28000,-28000,-28000,-28000,-28000,-28000,-28000,-28000,-28000,-28000,-28000,-27992,-27992,-27993,-28000,-27994,-28000,-27995,-27995,-27996,-27994,-27995,-27993,-27994,-28000,-28000,-28000,-27996,-28000,-28000,-28000,-27994,-27994,-27995,-28000,-27996,-28000,-27995,-28000,-28000,-28000,-28000,-28000,-28000,-28000,-28000,-28000,-28000,-28000,-27993,-27993,-27994,-27994,-27995,-28000,-27996,-27996,-27997,-27997,-27998,-27998,-27999,-27999,-29999]} 1. d4 d6 2. Nf3 g6 3. c4 Bg7 4. Nc3 Nc6 5. d5 Ne5 6. Nxe5 Bxe5 7. g3 {A41: 1 d4 d6: Tartakower System and Modern Defence.} c5 8. dxc6 bxc6 9. Bg2 {[#] White is slightly better.} Bb7 $146 ({Predecessor:} 9... Bd7 10. O-O Nf6 11. f4 Bxc3 12. bxc3 Qb6+ 13. Kh1 O-O 14. Ba3 Qa6 15. Bc1 Qxc4 {0-1 (77) Wang,J-Matinian,N (2470) Chess.com INT 2020}) 10. O-O Bg7 11. Qd3 Nf6 12. b3 O-O 13. Bb2 Qc7 14. Rfd1 Rad8 15. Rac1 Rfe8 16. e4 Qa5 17. Qe2 Nd7 18. Qc2 Qh5 19. h3 Ne5 20. Ne2 Bc8 21. g4 Qh4 22. Bd4 ({White should play} 22. f4 $14) 22... c5 23. Be3 h5 24. f4 $1 hxg4 25. Bf2 (25. fxe5 gxh3 26. Bf3 g5 $17) 25... Qh6 26. fxe5 gxh3 27. Bf3 g5 (27... Bxe5 28. Qd2 $15) 28. Ng3 (28. Kh2 $11) 28... g4 $17 29. Be2 Bxe5 30. Kh2 e6 (30... Rf8 $1 $17 {And now ...f5 would win.} 31. Be1 f6) 31. Bxg4 $11 Kh8 32. Rg1 Rg8 33. Qe2 Rg6 {[%mdl 1024] aiming for ...Qh4. Black has compensation.} 34. Bh5 Rg7 (34... Rg5 $11 35. Bxf7 Rf8) 35. Be3 $16 Qh7 ({Better is} 35... Qf6 $14) 36. Qf3 $1 f5 {Threatens to win with ...fxe4.} 37. exf5 (37. Bf4 $1 $16 {is necessary to keep the advantage.}) 37... Bb7 $17 38. Qe2 (38. Qf2 $17 {was the only chance.} Qxh5 39. Bf4) 38... Rdg8 $2 (38... exf5 39. Qf2 $19) (38... Bg2 $19 {[%csl Gg7][%cal Re5g3]} 39. Bf2 Qxf5) 39. Bg6 $11 Qh4 40. Rcf1 Be4 $2 {[%mdl 8192] [#]} (40... Bg2 $2 41. Bf4 $18) (40... Rf8 $11 41. Qh5+ Qxh5 42. Bxh5 Rxf5 43. Rxf5 exf5) 41. Bf4 $1 $18 {[%mdl 512]} exf5 (41... Bg2 42. Bxe5) 42. Bxe5 dxe5 43. Qh5+ $2 (43. Nxf5 {mates} Bxf5 44. Rxf5 Qh6 45. Rh5 $1 {[%mdl 64] Double Attack} Rxg6 46. Rxh6+ Rxh6 47. Qxe5+ Kh7 48. Qc7+ Kh8 49. Qf4) 43... Qxh5 $14 44. Bxh5 Bg2 45. Rxf5 {Strongly threatening Bf3.} Rxg3 46. Rxe5 Rc3 47. Re8 ({Don't play} 47. Rxc5 Rc2 $11) (47. Bf7 $16 Rg4 48. Be6 (48. Rxc5 Rc2 $11)) 47... Rxe8 $11 48. Bxe8 {[%mdl 4096] Endgame KRB-KRB} Rc2 {White must now prevent ...Bc6+.} 49. Kg3 h2 {[%mdl 64] Decoy} 50. Kxh2 ({But not} 50. Rxg2 $2 h1=Q $1 $19 {[%mdl 512]}) 50... Bc6+ {[%mdl 64] Discovered Attack} 51. Kg3 Bxe8 {KRB-KR} 52. Re1 Bg6 53. Re5 Rxa2 {...Bc2 is the strong threat.} 54. Rxc5 Kg7 {Hoping for ...Kf7.} 55. Kf4 a5 56. Ke5 Bf7 57. Kd6 Kf6 58. Kc7 Ke7 59. Kb6 Ra3 60. Rxa5 Rxb3+ 61. Rb5 {Black mates.} Rc3 62. c5 Bd5 63. Rb1 Kd7 64. Rb2 Rc1 65. Rb4 Kc8 66. Rb2 Rh1 67. Rb4 Rh6+ 68. Kb5 Kc7 69. Rg4 Bc6+ 70. Kc4 Bd7 71. Rd4 Ra6 72. Kb4 Ra4+ 73. Kc3 Ra1 74. Rd6 Bc6 75. Rd4 Bb5 76. Rd6 Bf1 77. Rb6 Rc1+ 78. Kd4 Rc4+ 79. Kd5 Rg4 80. Rd6 Bg2+ 81. Ke5 Re4+ 82. Kf5 Rc4 83. Rf6 Bc6 84. Rf7+ Bd7+ 85. Ke5 Kc6 86. Rf4 Rxc5+ 87. Kd4 Be6 88. Rf6 Rd5+ 89. Ke4 Kd6 90. Rf8 Ra5 91. Rd8+ Bd7 92. Rh8 Ra4+ 93. Kd3 Bc6 94. Rd8+ Kc5 95. Rc8 Ra3+ 96. Ke2 Kd5 97. Rd8+ Ke4 98. Kf2 Rf3+ 99. Ke2 Ra3 100. Kf2 Ra2+ 101. Kg3 Ke5 102. Rc8 Rg2+ 103. Kh4 Be4 104. Kh5 Kf4 105. Kh6 Rg6+ 106. Kh5 Rg7 107. Rh8 Ra7 108. Kh6 Bf5 109. Kh5 Ra6 110. Rf8 Rb6 111. Rf7 Rb8 112. Kh6 Rg8 113. Re7 Rg1 114. Rf7 Rg6+ 115. Kh5 Rb6 116. Rf8 Rb7 117. Rh8 Ke5 118. Re8+ Be6 119. Kg5 Rg7+ 120. Kh6 Rg1 121. Rf8 Rg2 122. Kh5 Bf5 123. Kh6 Rg6+ 124. Kh5 {[#]} Kf4 $1 125. Rf7 Re6 126. Rf8 Re7 127. Rh8 Rb7 128. Kh6 Kg4 129. Rg8+ Kh4 130. Rh8 Ra7 131. Rf8 Rh7# {Quite a comeback for Black.  Weighted Error Value: White=0.43/Black=0.36} 0-1